LEADER 01291nam a2200313 u 4500 001 000000065916 003 CaOOAMICUS 005 20150618162233.0 008 011218s1982 it u000 u ita u 035 $a10914575 040 $aPUL(R)$bita 100 1 $aCardaropoli, Gerardo,$cO.F.M.,$d1924-$0(OLS)http://pul/name/5989 245 13$aLa pastorale come mediazione salvifica /$cGerardo Cardaropoli. 260 $aAssisi :$bCittadella,$cc1982. 300 $a304 p.$c22 cm 490 1 $aPastorale/Strumenti 504 $aBibliografia: p. 304. 650 4$aTeologia pastorale.$0(OLS)http://pul/subject/1301 830 0$aPastorale/Strumenti.$0(OLS)http://pul/title/68965 850 $aPUL 852 $aPUL$W1$xSL Religione 2$y84$mRH E 11$j85263$nBK-PRI$b $qStampati altre collocazioni$B85263$CPULBib$Z2$F85263 $H $81 852 $aPUL$W1$xDP1 Fondo S. Lanza$y121$m3 C 28$j115085$qFondi$B166808$CPULBib$Z2$F166808 $HLAN669 $82 941 1 $a10 941 1 $a1 960 $aPastorale$91301 961 $aINV: 66350 961 $aNota ms. di possesso: Sergio Lanza 996 $6245$aLa pastorale come mediazione salvifica$9(OLS)http://pul/title/87597 996 $6260$aAssisi :$bCittadella$9(OLS)http://pul/publisher/49668 LEADER 01784nam a2200349 u 4500 001 000000080726 003 CaOOAMICUS 005 20120528124357.0 008 050201s2001 it u000 u spa u 020 $a8883330188 035 $a11024967 040 $aPUL$bita 100 1 $aDíaz Dorronsoro, Rafael,$d1969-$0(OLS)http://pul/name/53845 245 13$aLa naturaleza vocacional del matrimonio a la luz de la teología del siglo XX /$cRafael Díaz Dorronsoro. 260 $aRoma :$bEdizioni Università della Santa Croce,$c2001. 300 $a453 p.$c24 cm 490 1 $aDissertationes.$aSeries theologica ;$v7 500 $aComprende riferimenti bibliografici (p. 437-453) e indice. 502 $aDiss. -- Pontificia Università della Santa Croce. 650 4$aMatrimonio$xAspetti morali e religiosi.$0(OLS)http://pul/subject/69 710 2 $aPontificia Università della Santa Croce.$0(OLS)http://pul/name/34654 830 0$aDissertationes (Pontificia Università della Santa Croce).$pSeries theologica ;$v7.$0(OLS)http://pul/title/105683 850 $aPUL 852 $aPUL$W1$xDP1 Tesi Pon. Univ. S. Croce$y43$m2001 B 8$j103075$qTesi$B103075$CPULBib$Z2$F103075 $H96959 $82 910 $aCentro Accademico Romano della Santa Croce.$kTesi$934654 910 $aCentro Accademico Romano della Santa Croce.$kTesi$934654 910 $aAteneo Romano della Santa Croce.$kTesi$934654 910 $aAteneo Romano della Santa Croce.$kTesi$934654 941 1 $a16 996 $6020$a8883330188$9(OLS)http://pul/number/106869 996 $6245$aLa naturaleza vocacional del matrimonio a la luz de la teología del siglo XX$9(OLS)http://pul/title/105682 996 $6260$aRoma :$bEdizioni Università della Santa Croce$9(OLS)http://pul/publisher/75853